International relations theories : (Record no. 7922)
[ view plain ]
| 000 -LEADER | |
|---|---|
| fixed length control field | 01364nac a22003491u 4500 |
| 003 - CONTROL NUMBER IDENTIFIER | |
| control field | EG-ScBUE |
| 005 - DATE AND TIME OF LATEST TRANSACTION | |
| control field | 20201010102151.0 |
| 008 - FIXED-LENGTH DATA ELEMENTS--GENERAL INFORMATION | |
| fixed length control field | 200219s2007 enka f bd 001 0 eng d |
| 020 ## - INTERNATIONAL STANDARD BOOK NUMBER | |
| International Standard Book Number | 9780199298334 (alk. paper) |
| 020 ## - INTERNATIONAL STANDARD BOOK NUMBER | |
| International Standard Book Number | 0199298335 |
| 040 ## - CATALOGING SOURCE | |
| Original cataloging agency | EG-ScBUE |
| Language of cataloging | eng |
| Description conventions | rda |
| Transcribing agency | EG-ScBUE |
| Modifying agency | EG-ScBUE |
| 082 04 - DEWEY DECIMAL CLASSIFICATION NUMBER | |
| Classification number | 327.101 |
| Item number | INT |
| Edition number | 22 |
| 245 00 - TITLE STATEMENT | |
| Title | International relations theories : |
| Remainder of title | discipline and diversity / |
| Statement of responsibility, etc | edited by Tim Dunne, Milja Kurki and Steve Smith. |
| 264 #1 - PUBLICATION, DISTRIBUTION, ETC. (IMPRINT) | |
| Place of publication, distribution, etc | Oxford : |
| Name of publisher, distributor, etc | Oxford University Press, |
| Date of publication, distribution, etc | 2007. |
| 300 ## - PHYSICAL DESCRIPTION | |
| Extent | xxiii, 350 pages : |
| Other physical details | illustrations ; |
| Dimensions | 25 cm |
| 336 ## - CONTENT TYPE | |
| Source | rdacontent |
| Content type term | text |
| Content type code | txt |
| 337 ## - MEDIA TYPE | |
| Source | rdamedia |
| Media type term | unmediated |
| Media type code | n |
| 338 ## - CARRIER TYPE | |
| Source | rdacarrier |
| Carrier type term | volume |
| Carrier type code | nc |
| 500 ## - GENERAL NOTE | |
| General note | Distributer: Baccah |
| 500 ## - GENERAL NOTE | |
| General note | Includes glossary. |
| 504 ## - BIBLIOGRAPHY, ETC. NOTE | |
| Bibliography, etc | Includes bibliographical references and index. |
| 650 #7 - SUBJECT ADDED ENTRY--TOPICAL TERM | |
| Topical term or geographic name as entry element | International relations. |
| Source of heading or term | BUEsh |
| 650 #7 - SUBJECT ADDED ENTRY--TOPICAL TERM | |
| Topical term or geographic name as entry element | International relations |
| General subdivision | Research. |
| Source of heading or term | BUEsh |
| 653 ## - INDEX TERM--UNCONTROLLED | |
| Resource For college | Law |
| Arrived date list | October2020 |
| 655 ## - INDEX TERM--GENRE/FORM | |
| Form subdivision | Reading book |
| 700 1# - ADDED ENTRY--PERSONAL NAME | |
| Personal name | Dunne, Timothy, |
| Dates associated with a name | 1965- |
| Relator term | editor. |
| 700 1# - ADDED ENTRY--PERSONAL NAME | |
| Personal name | Kurki, Milja, |
| Relator term | editor. |
| 700 1# - ADDED ENTRY--PERSONAL NAME | |
| Personal name | Smith, Steve, |
| Dates associated with a name | 1952- |
| Relator term | editor. |
| 856 41 - ELECTRONIC LOCATION AND ACCESS | |
| Materials specified | Table of contents only |
| Uniform Resource Identifier | <a href="http://www.loc.gov/catdir/toc/ecip076/2006100848.html">http://www.loc.gov/catdir/toc/ecip076/2006100848.html</a> |
| 856 41 - ELECTRONIC LOCATION AND ACCESS | |
| Materials specified | Contributor biographical information |
| Uniform Resource Identifier | <a href="http://www.loc.gov/catdir/enhancements/fy0723/2006100848-b.html">http://www.loc.gov/catdir/enhancements/fy0723/2006100848-b.html</a> |
| 942 ## - ADDED ENTRY ELEMENTS (KOHA) | |
| Koha item type | Book - Borrowing |
| Call number prefix | 327.101DUN |
| Source of classification or shelving scheme | Dewey Decimal Classification |
| Withdrawn status | Lost status | Source of classification or shelving scheme | Materials specified (bound volume or other part) | Damaged status | Not for loan | Home library | Current library | Shelving location | Date acquired | Cost, normal purchase price | Total Checkouts | Full call number | Barcode | Checked out | Date last seen | Date checked out | Cost, replacement price | Koha item type | Total Renewals | Source of acquisition | Price effective from | Collection code |
|---|---|---|---|---|---|---|---|---|---|---|---|---|---|---|---|---|---|---|---|---|---|---|
| Dewey Decimal Classification | Please return it to cataloging department | Central Library | Central Library | First floor | 08/02/2013 | 190.00 | 2 | 327.101DUN | 000009542 | 25/09/2008 | 04/09/2008 | 04/09/2008 | 237.50 | Book - Borrowing | ||||||||
| Dewey Decimal Classification | Central Library | Central Library | First floor | 08/02/2013 | 15 | 327.101 INT | 000009539 | 15/07/2025 | 09/03/2016 | Book - Borrowing | 50 | |||||||||||
| Dewey Decimal Classification | Please return it to cataloging department | Central Library | Central Library | First floor | 08/02/2013 | 19 | 327.101DUN | 000009545 | 15/07/2025 | 11/02/2014 | Book - Borrowing | 15 | Purchase | |||||||||
| Dewey Decimal Classification | Central Library | Central Library | First floor | 08/02/2013 | 23 | 327.101 INT | 000009546 | 15/07/2025 | 06/04/2016 | Book - Borrowing | 39 | |||||||||||
| Dewey Decimal Classification | Central Library | Central Library | First floor | 08/02/2013 | 14 | 327.101 INT | 000009540 | 15/07/2025 | 15/11/2016 | Book - Borrowing | 36 | |||||||||||
| Dewey Decimal Classification | Central Library | Central Library | First floor | 02/05/2018 | 1 | 327.101 INT | 000047683 | 15/07/2025 | 06/04/2021 | Book - Borrowing | 5 | 02/05/2018 | ||||||||||
| Dewey Decimal Classification | Central Library | Central Library | First floor | 10/10/2020 | 327.101 INT | 000049935 | 15/07/2025 | Book - Borrowing | Purchase | 10/10/2020 | Baccah |